000 00291nam a22001217a 4500
041 _aENG
100 _aAggarwal.R.S
245 _aquantitative Aptitude ( Fully Solved )
260 _aDelhi
_bS.Chand
_c1998
300 _a582
650 _aCompetitlve Exam
856 _uCompetitlve Exam ( 36 )
999 _c924
_d924